000 00461nam a22001811a 4500
999 _c239
_d239
001 239
003 OSt
005 20260204211645.0
008 031124s1996||||dr ||||||b||||||||||spa||
050 _aRD 910.7293 C67g
082 _aRD 910.7293 C67g
100 _aColón Castillo, Juan
245 _aGeografía mundial / Juan Colón Castillo
264 _aSanto Domingo : Impreso y Color
300 _a136 p
650 _a1.Geografía MundialÌ
942 _2ddc
_cBK